| 000 | 00421 a2200157 4500 | ||
|---|---|---|---|
| 001 | 58038 | ||
| 020 | _a9780582237407 | ||
| 082 | _a629.13 KER | ||
| 090 |
_c35549 _d35549 |
||
| 100 |
_aKermode, A. C _aBarnard R h & Philpott, D R ; revised by |
||
| 245 | _aMechanics Of Flight, 10 /e | ||
| 250 | _a10 | ||
| 260 |
_aSingapore _bLongman Group Ltd _c1996 |
||
| 300 | _a514 p; ill; Pb | ||
| 500 | _aBE textbook Aerospace | ||
| 942 |
_aNUST-CAE _k629.13 KER |
||
| 999 |
_c293111 _d293111 |
||